[Event "Russian Women's Higher League 2021"]
[Site "?"]
[Date "2021.06.29"]
[Round "4.5"]
[White "Girya, Olga"]
[Black "Solozhenkina, Elizaveta"]
[Result "1/2-1/2"]
[WhiteElo "2448"]
[BlackElo "2306"]
[Annotator ""]
[Source ""]
[Remark ""]

1.d4 {[%clk 1:30:51]} Nf6 {[%clk 1:30:53]} 2.c4 {[%clk 1:30:41]}
e6 {[%clk 1:31:16]} 3.Nf3 {[%clk 1:31:05]} d5 {[%clk 1:31:39]}
4.g3 {[%clk 1:31:28]} Be7 {[%clk 1:20:39]} 5.Bg2 {[%clk 1:31:10]}
O-O {[%clk 1:21:02]} 6.Qb3 {[%clk 1:31:17]} c5 {[%clk 1:17:22]}
7.cxd5 {[%clk 1:31:23]} Qxd5 {[%clk 1:16:55]} 8.dxc5 {[%clk 1:31:18]}
Qxb3 {[%clk 1:15:13]} 9.axb3 {[%clk 1:31:46]} Nc6 {[%clk 1:15:33]}
10.Nc3 {[%clk 1:30:07]} Bxc5 {[%clk 1:15:40]} 11.O-O {[%clk 1:30:01]}
Bd7 {[%clk 1:07:05]} 12.Rd1 {[%clk 1:21:34]} e5 {[%clk 0:56:57]}
13.Na4 {[%clk 0:56:55]} Be7 {[%clk 0:51:10]} 14.Be3 {[%clk 0:55:40]}
Be6 {[%clk 0:32:09]} 15.Nd2 {[%clk 0:53:36]} Nd5 {[%clk 0:27:11]}
16.Bc5 {[%clk 0:51:32]} b6 {[%clk 0:26:56]} 17.Bxd5 {[%clk 0:25:32]}
Bxd5 {[%clk 0:27:16]} 18.Bxe7 {[%clk 0:25:44]} Nxe7 {[%clk 0:27:40]}
19.Nc3 {[%clk 0:25:59]} Bc6 {[%clk 0:19:18]} 20.Nc4 {[%clk 0:24:46]}
f6 {[%clk 0:19:28]} 21.b4 {[%clk 0:22:51]} Rfc8 {[%clk 0:18:15]}
22.b5 {[%clk 0:20:13]} Be8 {[%clk 0:18:31]} 23.Nd6 {[%clk 0:20:01]}
Rc7 {[%clk 0:18:53]} 24.Nxe8 {[%clk 0:17:44]} Rxe8 {[%clk 0:19:17]}
25.e4 {[%clk 0:17:21]} Kf7 {[%clk 0:16:35]} 26.Kg2 {[%clk 0:13:06]}
Nc8 {[%clk 0:12:59]} 27.Ra4 {[%clk 0:12:58]} Ke6 {[%clk 0:11:50]}
28.f4 {[%clk 0:09:43]} g6 {[%clk 0:10:08]} 29.Rd2 {[%clk 0:08:29]}
Rf8 {[%clk 0:08:17]} 30.Kf3 {[%clk 0:06:05]} Rff7 {[%clk 0:07:42]}
31.g4 {[%clk 0:02:24]} exf4 {[%clk 0:06:09]} 32.Nd5 {[%clk 0:02:47]}
Rcd7 {[%clk 0:02:56]} 33.Rc4 {[%clk 0:02:43]} Rf8 {[%clk 0:02:53]}
34.Nxf4+ {[%clk 0:01:46]} Ke7 {[%clk 0:03:23]} 35.Nd5+ {[%clk 0:01:52]}
Kf7 {[%clk 0:03:24]} 36.Rc6 {[%clk 0:01:53]} Kg7 {[%clk 0:03:21]}
37.Ke3 {[%clk 0:01:06]} Ne7 {[%clk 0:01:55]} 38.Re6 {[%clk 0:00:59]}
Nxd5+ {[%clk 0:01:45]} 39.exd5 {[%clk 0:01:24]} Rfd8 {[%clk 0:00:45]}
40.Ke4 {[%clk 0:31:19]} Kf7 {[%clk 0:30:50]} 41.Rd3 {[%clk 0:24:02]}
Rc8 {[%clk 0:24:04]} 42.Rc3 {[%clk 0:22:46]} Rcd8 {[%clk 0:20:47]}
43.Rd3 {[%clk 0:20:50]} Rc8 {[%clk 0:21:02]} 44.Rc3 {[%clk 0:11:51]}
Rcd8 {[%clk 0:21:27]} 45.Rd3 {[%clk 0:12:18]} Rc8 {[%clk 0:21:53]} 1/2-1/2

[Event "Russian Women's Higher League 2021"]
[Site "?"]
[Date "2021.06.29"]
[Round "4.6"]
[White "Dordzhieva, Dinara"]
[Black "Voit, Daria"]
[Result "0-1"]
[WhiteElo "2311"]
[BlackElo "2354"]
[Annotator ""]
[Source ""]
[Remark ""]

1.d4 {[%clk 1:30:57]} Nf6 {[%clk 1:30:53]} 2.c4 {[%clk 1:31:19]}
e6 {[%clk 1:31:18]} 3.Nc3 {[%clk 1:31:44]} Bb4 {[%clk 1:31:37]}
4.e3 {[%clk 1:32:09]} O-O {[%clk 1:31:38]} 5.Nf3 {[%clk 1:32:15]}
d5 {[%clk 1:29:59]} 6.Bd2 {[%clk 1:32:01]} c5 {[%clk 1:16:12]}
7.a3 {[%clk 1:32:03]} Bxc3 {[%clk 1:06:35]} 8.Bxc3 {[%clk 1:32:25]}
Ne4 {[%clk 1:06:50]} 9.Rc1 {[%clk 1:32:41]} Nxc3 {[%clk 1:06:48]}
10.Rxc3 {[%clk 1:33:05]} cxd4 {[%clk 1:06:52]} 11.Nxd4 {[%clk 1:33:25]}
dxc4 {[%clk 1:06:55]} 12.Bxc4 {[%clk 1:33:30]} Bd7 {[%clk 0:58:14]}
13.O-O {[%clk 1:33:38]} Nc6 {[%clk 0:58:16]} 14.Nb3 {[%clk 1:33:58]}
Ne5 {[%clk 0:55:03]} 15.Be2 {[%clk 1:30:17]} Bc6 {[%clk 0:13:41]}
16.Nd4 {[%clk 1:12:29]} Bd5 {[%clk 0:13:57]} 17.Qc2 {[%clk 1:11:36]}
Rc8 {[%clk 0:10:32]} 18.Rc1 {[%clk 1:10:37]} Rxc3 {[%clk 0:10:27]}
19.Qxc3 {[%clk 1:11:02]} Nc6 {[%clk 0:10:29]} 20.Nf3 {[%clk 1:09:56]}
Qf6 {[%clk 0:10:41]} 21.Qc2 {[%clk 1:04:13]} e5 {[%clk 0:08:24]}
22.b4 {[%clk 1:04:09]} e4 {[%clk 0:06:39]} 23.Nd2 {[%clk 1:01:24]}
Qe6 {[%clk 0:06:44]} 24.Bc4 {[%clk 0:57:57]} f5 {[%clk 0:06:27]}
25.Bxd5 {[%clk 0:49:32]} Qxd5 {[%clk 0:06:55]} 26.Qc4 {[%clk 0:49:59]}
Rd8 {[%clk 0:06:32]} 27.Kf1 {[%clk 0:49:44]} a6 {[%clk 0:03:38]}
28.Ke2 {[%clk 0:49:33]} Kf8 {[%clk 0:03:50]} 29.Qxd5 {[%clk 0:48:35]}
Rxd5 {[%clk 0:04:18]} 30.f3 {[%clk 0:45:33]} exf3+ {[%clk 0:04:12]}
31.gxf3 {[%clk 0:45:36]} Ke7 {[%clk 0:02:52]} 32.Nb3 {[%clk 0:45:46]}
Rd6 {[%clk 0:02:00]} 33.Nc5 {[%clk 0:44:19]} Rh6 {[%clk 0:02:25]}
34.Kf2 {[%clk 0:35:25]} a5 {[%clk 0:01:18]} 35.b5 {[%clk 0:31:34]}
Ne5 {[%clk 0:01:42]} 36.Rc3 {[%clk 0:22:19]} Rxh2+ {[%clk 0:01:08]}
37.Kg3 {[%clk 0:22:47]} Rb2 {[%clk 0:01:24]} 38.Nb3 {[%clk 0:22:35]}
b6 {[%clk 0:00:44]} 39.Nd4 {[%clk 0:22:51]} g6 {[%clk 0:00:56]}
40.Rc8 {[%clk 0:32:01]} Ra2 {[%clk 0:30:43]} 41.Rc3 {[%clk 0:31:34]}
Kd6 {[%clk 0:16:26]} 42.Kf4 {[%clk 0:30:48]} Kd5 {[%clk 0:13:41]}
43.Nc2 {[%clk 0:30:04]} Rb2 {[%clk 0:11:49]} 44.Nd4 {[%clk 0:21:58]}
Rg2 {[%clk 0:10:11]} 45.Nc6 {[%clk 0:18:27]} Ke6 {[%clk 0:08:03]} 0-1

[Event "Russian Women's Higher League 2021"]
[Site "?"]
[Date "2021.06.29"]
[Round "4.7"]
[White "Borisova, Ekaterina"]
[Black "Gritsayeva, Oksana"]
[Result "0-1"]
[WhiteElo "2304"]
[BlackElo "2332"]
[Annotator ""]
[Source ""]
[Remark ""]

1.d4 {[%clk 1:30:58]} d5 {[%clk 1:30:56]} 2.c4 {[%clk 1:30:46]}
Nc6 {[%clk 1:31:20]} 3.Nf3 {[%clk 1:30:33]} Bg4 {[%clk 1:30:33]}
4.cxd5 {[%clk 1:27:27]} Bxf3 {[%clk 1:30:56]} 5.gxf3 {[%clk 1:27:55]}
Qxd5 {[%clk 1:31:20]} 6.e3 {[%clk 1:28:23]} O-O-O {[%clk 1:31:04]}
7.Nc3 {[%clk 1:28:30]} Qh5 {[%clk 1:31:27]} 8.f4 {[%clk 1:20:28]}
Qxd1+ {[%clk 1:31:22]} 9.Kxd1 {[%clk 1:20:43]} e6 {[%clk 1:29:12]}
10.Bg2 {[%clk 1:20:29]} Nf6 {[%clk 1:25:01]} 11.Ke2 {[%clk 1:19:54]}
Nd5 {[%clk 1:21:34]} 12.Ne4 {[%clk 1:15:57]} h6 {[%clk 1:14:28]}
13.h4 {[%clk 1:15:57]} f5 14.Nc5 {[%clk 1:08:48]} Nxf4+ {[%clk 1:13:36]}
15.Kf3 {[%clk 1:07:06]} Bxc5 {[%clk 1:12:44]} 16.Kxf4 Bd6+ {[%clk 1:06:40]}
17.Kf3 {[%clk 1:07:49]} e5 {[%clk 0:58:16]} 18.dxe5 {[%clk 1:07:03]}
Bxe5 {[%clk 0:58:09]} 19.Bh3 {[%clk 1:07:00]} Kb8 {[%clk 0:57:06]}
20.h5 {[%clk 1:06:49]} Rhf8 {[%clk 0:56:24]} 21.Rb1 {[%clk 1:00:47]}
f4 {[%clk 0:54:19]} 22.exf4 {[%clk 1:01:12]} Bxf4 {[%clk 0:53:50]}
23.Kg2 {[%clk 1:00:11]} Bxc1 {[%clk 0:52:56]} 24.Rhxc1 {[%clk 1:00:36]}
Rd2 {[%clk 0:53:06]} 25.Rf1 {[%clk 1:01:03]} Ne5 {[%clk 0:46:58]}
26.Rbe1 {[%clk 0:59:22]} Nd3 {[%clk 0:44:03]} 27.Re7 {[%clk 0:59:48]}
Nf4+ {[%clk 0:42:59]} 28.Kh2 {[%clk 1:00:08]} Nxh5 {[%clk 0:42:28]}
29.Bg4 {[%clk 1:00:33]} Nf6 {[%clk 0:42:20]} 30.Bf5 {[%clk 1:00:45]}
g5 {[%clk 0:41:21]} 31.Kg1 {[%clk 1:00:20]} Rxb2 {[%clk 0:39:25]}
32.Rd1 {[%clk 1:00:39]} c6 {[%clk 0:38:55]} 33.Be6 {[%clk 1:00:36]}
a6 {[%clk 0:37:12]} 34.Rd6 {[%clk 1:00:53]} Ne4 {[%clk 0:36:37]}
35.Rdd7 {[%clk 1:01:09]} Nc5 {[%clk 0:36:03]} 0-1

[Event "Russian Women's Higher League 2021"]
[Site "?"]
[Date "2021.06.29"]
[Round "4.8"]
[White "Afonasieva, Anna"]
[Black "Nur-Mukhametova, Alisa"]
[Result "1/2-1/2"]
[WhiteElo "2323"]
[BlackElo "2233"]
[Annotator ""]
[Source ""]
[Remark ""]

1.d4 {[%clk 1:30:59]} c5 {[%clk 1:30:11]} 2.d5 {[%clk 1:29:25]}
Nf6 {[%clk 1:29:04]} 3.Nf3 {[%clk 1:29:48]} e6 {[%clk 1:28:44]}
4.Nc3 {[%clk 1:29:06]} d6 {[%clk 1:26:27]} 5.a4 {[%clk 1:27:50]}
exd5 {[%clk 1:08:01]} 6.Nxd5 {[%clk 1:28:12]} Nxd5 {[%clk 1:08:07]}
7.Qxd5 {[%clk 1:28:37]} Nc6 {[%clk 1:08:06]} 8.e4 {[%clk 1:19:42]}
Be6 {[%clk 1:08:21]} 9.Qd1 {[%clk 1:19:49]} Be7 {[%clk 1:08:06]}
10.c4 {[%clk 1:18:33]} O-O {[%clk 1:04:28]} 11.Be2 {[%clk 1:18:13]}
Bf6 {[%clk 0:59:55]} 12.O-O {[%clk 1:15:55]} Re8 {[%clk 0:59:23]}
13.h3 {[%clk 1:14:57]} Qc7 {[%clk 0:55:49]} 14.Rb1 {[%clk 1:13:52]}
Bd7 {[%clk 0:53:10]} 15.Bd3 {[%clk 1:12:39]} Nb4 {[%clk 0:52:32]}
16.b3 {[%clk 1:06:58]} Bc3 {[%clk 0:45:36]} 17.Bb2 {[%clk 1:03:22]}
Be5 {[%clk 0:41:05]} 18.Re1 {[%clk 0:57:49]} Re7 {[%clk 0:39:57]}
19.Bf1 {[%clk 0:46:57]} Rae8 {[%clk 0:39:21]} 20.Ba3 {[%clk 0:38:42]}
Bc6 {[%clk 0:30:38]} 21.Nxe5 {[%clk 0:26:40]} Rxe5 {[%clk 0:20:19]}
22.Bxb4 {[%clk 0:20:20]} cxb4 {[%clk 0:18:03]} 23.Qd2 {[%clk 0:15:46]}
Bxe4 {[%clk 0:15:24]} 24.Rbd1 {[%clk 0:15:57]} a5 {[%clk 0:15:07]}
25.Qxd6 {[%clk 0:14:38]} Qxd6 {[%clk 0:15:12]} 26.Rxd6 {[%clk 0:15:03]}
g5 {[%clk 0:14:42]} 27.Rc1 {[%clk 0:09:46]} Kg7 {[%clk 0:13:40]}
28.f3 {[%clk 0:09:26]} Bf5 {[%clk 0:07:46]} 29.Rd5 {[%clk 0:07:11]}
Kf6 {[%clk 0:06:48]} 30.Kf2 {[%clk 0:07:15]} Rxd5 {[%clk 0:02:05]}
31.cxd5 {[%clk 0:07:40]} Rc8 {[%clk 0:02:20]} 32.Bc4 {[%clk 0:06:02]}
Ke5 {[%clk 0:01:31]} 33.Ke3 {[%clk 0:05:29]} Bd7 {[%clk 0:01:49]}
34.Kd3 {[%clk 0:04:44]} Kd6 {[%clk 0:01:05]} 35.Rf1 {[%clk 0:02:25]}
Bf5+ {[%clk 0:00:34]} 36.Kd4 {[%clk 0:02:29]} Re8 {[%clk 0:00:56]}
37.h4 {[%clk 0:01:30]} gxh4 {[%clk 0:00:52]} 38.Rh1 {[%clk 0:01:54]}
Rg8 {[%clk 0:00:33]} 39.Rh2 {[%clk 0:01:20]} Rg3 {[%clk 0:00:34]}
40.Ke3 {[%clk 0:30:44]} h3 {[%clk 0:30:41]} 41.gxh3 {[%clk 0:30:49]}
Rxh3 {[%clk 0:29:59]} 42.Rg2 {[%clk 0:26:03]} Bg6 {[%clk 0:30:11]}
43.Kf4 {[%clk 0:24:35]} Rh5 {[%clk 0:27:33]} 44.Kg4 {[%clk 0:23:30]}
Re5 {[%clk 0:25:27]} 45.f4 {[%clk 0:22:06]} Re4 {[%clk 0:25:08]}
46.Kf3 {[%clk 0:22:12]} Rd4 {[%clk 0:19:20]} 47.Ke3 {[%clk 0:21:47]}
Rd1 {[%clk 0:18:52]} 48.Rf2 {[%clk 0:20:19]} Bf5 {[%clk 0:15:11]}
49.Rh2 {[%clk 0:20:22]} Re1+ {[%clk 0:13:08]} 50.Kf2 {[%clk 0:19:43]}
Rc1 {[%clk 0:12:38]} 51.Rh6+ {[%clk 0:18:27]} Kc5 {[%clk 0:06:39]}
52.Rf6 {[%clk 0:08:07]} Be4 {[%clk 0:05:36]} 53.Rxf7 {[%clk 0:05:15]}
Bxd5 {[%clk 0:05:37]} 54.Bxd5 {[%clk 0:04:15]} Kxd5 {[%clk 0:06:05]}
55.Rxh7 {[%clk 0:04:25]} Rc3 {[%clk 0:03:45]} 56.Rxb7 {[%clk 0:03:53]}
Rxb3 {[%clk 0:04:10]} 57.Ke2 {[%clk 0:02:13]} Rh3 {[%clk 0:02:11]}
58.f5 {[%clk 0:01:49]} Ke4 {[%clk 0:01:37]} 59.f6 {[%clk 0:01:57]}
Re3+ {[%clk 0:01:36]} 60.Kd2 {[%clk 0:02:18]} Rf3 {[%clk 0:01:54]}
61.Rb5 {[%clk 0:01:47]} Rf2+ {[%clk 0:01:35]} 62.Kc1 {[%clk 0:02:02]}
Kd3 {[%clk 0:01:15]} 63.Rxa5 {[%clk 0:01:25]} Kc3 {[%clk 0:01:19]}
64.Rc5+ {[%clk 0:01:22]} Kb3 {[%clk 0:01:44]} 65.Kb1 {[%clk 0:00:40]}
Kxa4 {[%clk 0:01:30]} 66.Rc2 {[%clk 0:00:54]} Rxf6 {[%clk 0:01:07]}
67.Kb2 {[%clk 0:01:20]} 1/2-1/2

[Event "Russian Women's Higher League 2021"]
[Site "?"]
[Date "2021.06.29"]
[Round "4.9"]
[White "Goltseva, Ekaterina"]
[Black "Kovanova, Baira"]
[Result "1-0"]
[WhiteElo "2272"]
[BlackElo "2318"]
[Annotator ""]
[Source ""]
[Remark ""]

1.d4 {[%clk 1:30:55]} Nf6 {[%clk 1:30:56]} 2.c4 {[%clk 1:31:20]}
c5 {[%clk 1:31:21]} 3.d5 {[%clk 1:31:45]} b5 {[%clk 1:31:48]}
4.cxb5 {[%clk 1:32:11]} a6 {[%clk 1:32:13]} 5.bxa6 {[%clk 1:32:37]}
g6 {[%clk 1:32:39]} 6.Nc3 {[%clk 1:32:49]} Bxa6 {[%clk 1:32:54]}
7.e4 {[%clk 1:33:05]} Bxf1 {[%clk 1:33:17]} 8.Kxf1 {[%clk 1:33:33]}
d6 {[%clk 1:33:40]} 9.Nf3 {[%clk 1:33:52]} Bg7 {[%clk 1:33:58]}
10.g3 {[%clk 1:34:12]} O-O {[%clk 1:34:23]} 11.Kg2 {[%clk 1:34:40]}
Qb6 {[%clk 1:34:45]} 12.a4 {[%clk 1:33:02]} Na6 {[%clk 1:35:00]}
13.a5 {[%clk 1:28:08]} Qb7 {[%clk 1:35:00]} 14.Nd2 {[%clk 1:27:07]}
Nb4 {[%clk 1:32:39]} 15.Nc4 {[%clk 1:26:35]} Nd7 {[%clk 1:30:42]}
16.Qe2 {[%clk 1:17:55]} Qa6 {[%clk 1:30:10]} 17.Bg5 {[%clk 1:13:47]}
f6 {[%clk 1:26:04]} 18.Bf4 {[%clk 1:12:32]} f5 {[%clk 1:19:11]}
19.exf5 {[%clk 1:07:19]} Rxf5 {[%clk 1:12:30]} 20.Qe6+ {[%clk 1:00:26]}
Rf7 {[%clk 1:10:01]} 21.Nb6 {[%clk 0:58:22]} Nf8 {[%clk 0:58:04]}
22.Qe4 {[%clk 0:58:19]} Rd8 {[%clk 0:51:45]} 23.Rhd1 {[%clk 0:54:31]}
Qb7 {[%clk 0:49:13]} 24.Kg1 {[%clk 0:47:22]} Rf5 {[%clk 0:46:26]}
25.Qe2 {[%clk 0:42:17]} h6 {[%clk 0:40:48]} 26.h4 {[%clk 0:35:49]}
h5 {[%clk 0:37:34]} 27.Re1 {[%clk 0:24:46]} Rf7 {[%clk 0:34:58]}
28.Rad1 {[%clk 0:17:09]} Nh7 {[%clk 0:32:00]} 29.Qe4 {[%clk 0:16:48]}
Nf8 {[%clk 0:31:09]} 30.Rd2 {[%clk 0:13:29]} Qa6 {[%clk 0:30:03]}
31.Ra1 {[%clk 0:13:43]} Rb8 {[%clk 0:29:30]} 32.Ra3 {[%clk 0:11:01]}
Bd4 {[%clk 0:28:10]} 33.Be3 {[%clk 0:09:57]} Bg7 {[%clk 0:27:15]}
34.Kg2 {[%clk 0:08:56]} Re8 {[%clk 0:26:08]} 35.Na2 {[%clk 0:08:39]}
Nxa2 {[%clk 0:19:25]} 36.Rxa2 {[%clk 0:09:05]} e6 {[%clk 0:17:46]}
37.Qc4 {[%clk 0:07:07]} Qb7 {[%clk 0:13:44]} 38.Kg1 {[%clk 0:06:13]}
Kh7 {[%clk 0:10:44]} 39.b4 {[%clk 0:05:16]} exd5 {[%clk 0:08:19]}
40.Rxd5 {[%clk 0:34:06]} Ne6 {[%clk 0:37:12]} 41.Rxd6 {[%clk 0:14:57]}
Nd4 {[%clk 0:32:24]} 42.Qd5 {[%clk 0:14:57]} Nf3+ {[%clk 0:20:29]}
43.Kg2 {[%clk 0:14:56]} Ne1+ {[%clk 0:12:50]} 44.Kf1 {[%clk 0:13:43]}
Qc7 {[%clk 0:03:35]} 45.Qxc5 {[%clk 0:09:16]} Qb8 {[%clk 0:01:13]}
46.Kxe1 {[%clk 0:06:29]} Bf8 {[%clk 0:01:12]} 47.Qd5 {[%clk 0:06:34]}
Kg7 {[%clk 0:01:08]} 48.Qd4+ {[%clk 0:05:43]} Kh7 {[%clk 0:01:22]}
49.Rd7 {[%clk 0:05:51]} Bxb4+ {[%clk 0:00:55]} 50.Kf1 {[%clk 0:06:07]}
Rxd7 {[%clk 0:01:03]} 51.Nxd7 {[%clk 0:05:39]} Qb5+ {[%clk 0:01:08]}
52.Kg1 {[%clk 0:06:05]} 1-0

[Event "Russian Women's Higher League 2021"]
[Site "?"]
[Date "2021.06.29"]
[Round "4.10"]
[White "Nasyrova, Ekaterina"]
[Black "Chernyak, Viktoria"]
[Result "0-1"]
[WhiteElo "2149"]
[BlackElo "2315"]
[Annotator ""]
[Source ""]
[Remark ""]

1.c4 {[%clk 1:30:56]} e6 {[%clk 1:30:12]} 2.Nc3 {[%clk 1:31:04]}
Nf6 {[%clk 1:28:52]} 3.d4 {[%clk 1:31:07]} Bb4 {[%clk 1:28:56]}
4.Bd2 {[%clk 1:31:21]} c5 {[%clk 1:22:51]} 5.e3 {[%clk 1:31:22]}
O-O {[%clk 1:22:27]} 6.Nf3 {[%clk 1:30:36]} b6 {[%clk 1:21:51]}
7.Bd3 {[%clk 1:28:51]} Bb7 {[%clk 1:18:23]} 8.O-O {[%clk 1:24:00]}
d6 {[%clk 1:12:06]} 9.Re1 {[%clk 1:22:25]} Nbd7 {[%clk 1:11:08]}
10.a3 {[%clk 1:18:18]} Bxc3 {[%clk 1:10:22]} 11.Bxc3 {[%clk 1:18:28]}
Ne4 {[%clk 1:10:31]} 12.Bxe4 {[%clk 1:05:32]} Bxe4 {[%clk 1:10:59]}
13.Nd2 {[%clk 1:05:46]} Bb7 {[%clk 1:09:37]} 14.b4 {[%clk 1:03:15]}
Rc8 {[%clk 1:07:40]} 15.dxc5 {[%clk 0:56:01]} bxc5 {[%clk 0:57:31]}
16.b5 {[%clk 0:53:20]} Qg5 {[%clk 0:56:21]} 17.f3 {[%clk 0:46:39]}
d5 {[%clk 0:51:09]} 18.Qe2 {[%clk 0:44:48]} Rfd8 {[%clk 0:47:16]}
19.a4 {[%clk 0:43:15]} Nf8 {[%clk 0:45:54]} 20.Qf2 {[%clk 0:33:08]}
Ng6 {[%clk 0:45:27]} 21.Qg3 {[%clk 0:28:43]} Qf5 {[%clk 0:42:27]}
22.a5 {[%clk 0:15:29]} Qd3 {[%clk 0:32:43]} 23.Rac1 {[%clk 0:14:57]}
h5 {[%clk 0:31:15]} 24.a6 {[%clk 0:10:30]} Ba8 {[%clk 0:31:06]}
25.Qf2 {[%clk 0:08:28]} h4 {[%clk 0:22:53]} 26.Ba5 {[%clk 0:02:27]}
Rd7 {[%clk 0:19:04]} 27.Rc3 {[%clk 0:02:33]} Qf5 {[%clk 0:19:22]}
28.cxd5 {[%clk 0:02:15]} exd5 {[%clk 0:19:26]} 29.Nb3 {[%clk 0:02:21]}
c4 {[%clk 0:14:47]} 30.Nd4 {[%clk 0:02:44]} Qf6 {[%clk 0:15:03]}
31.Rb1 {[%clk 0:01:43]} Rb8 {[%clk 0:13:54]} 32.Ra3 {[%clk 0:01:16]}
Ne5 {[%clk 0:13:07]} 33.Bc3 {[%clk 0:01:07]} Nd3 {[%clk 0:13:10]}
34.Qd2 {[%clk 0:01:08]} Qg6 {[%clk 0:12:50]} 35.Rf1 {[%clk 0:00:44]}
Re8 {[%clk 0:11:42]} 36.f4 {[%clk 0:00:41]} Rde7 {[%clk 0:09:29]}
37.Rf3 {[%clk 0:00:37]} Nc5 {[%clk 0:06:29]} 38.Bb4 {[%clk 0:00:44]}
Ne4 {[%clk 0:06:40]} 39.Qe1 {[%clk 0:00:59]} Rc7 {[%clk 0:05:41]}
40.Ba5 {[%clk 0:30:49]} Rcc8 {[%clk 0:32:58]} 41.Bc3 {[%clk 0:25:56]}
Nd6 {[%clk 0:22:13]} 42.Rh3 {[%clk 0:12:11]} Rb8 {[%clk 0:20:07]}
43.Ra1 {[%clk 0:10:52]} Nf5 {[%clk 0:15:13]} 44.Nxf5 {[%clk 0:05:19]}
Qxf5 {[%clk 0:15:37]} 45.Qxh4 {[%clk 0:05:40]} f6 {[%clk 0:15:56]}
46.Rg3 {[%clk 0:05:48]} Kf7 {[%clk 0:14:42]} 47.Qh3 {[%clk 0:04:19]}
Qxh3 {[%clk 0:10:18]} 48.gxh3 {[%clk 0:04:38]} Rxb5 {[%clk 0:10:42]}
49.Kf2 {[%clk 0:04:57]} Bc6 {[%clk 0:07:38]} 50.Bd4 {[%clk 0:03:43]}
Re7 {[%clk 0:06:08]} 51.Rag1 {[%clk 0:03:58]} Kf8 {[%clk 0:05:40]}
52.h4 {[%clk 0:04:00]} Ra5 {[%clk 0:05:05]} 53.h5 {[%clk 0:03:45]}
Rf7 {[%clk 0:05:21]} 54.h6 {[%clk 0:02:01]} gxh6 {[%clk 0:05:21]}
55.Rg8+ {[%clk 0:02:12]} Ke7 {[%clk 0:05:49]} 56.Bxa7 {[%clk 0:01:48]}
Rxa6 {[%clk 0:06:02]} 57.Bc5+ {[%clk 0:01:35]} Ke6 {[%clk 0:06:26]}
58.Rb1 {[%clk 0:01:07]} Ra2+ {[%clk 0:06:33]} 59.Kg3 {[%clk 0:00:51]}
d4 {[%clk 0:05:54]} 60.Rc8 {[%clk 0:01:10]} Rg7+ {[%clk 0:05:03]}
61.Kh3 {[%clk 0:01:31]} Bd7 {[%clk 0:04:39]} 62.Bf8 {[%clk 0:01:09]}
Ke5+ 0-1

[Event "Russian Women's Higher League 2021"]
[Site "?"]
[Date "2021.06.29"]
[Round "4.11"]
[White "Galliamova, Alisa"]
[Black "Dimitrova, Aleksandra"]
[Result "1-0"]
[WhiteElo "2442"]
[BlackElo "2204"]
[Annotator ""]
[Source ""]
[Remark ""]

1.d4 {[%clk 1:30:58]} Nf6 {[%clk 1:30:54]} 2.c4 {[%clk 1:31:24]}
e6 {[%clk 1:31:19]} 3.Nf3 {[%clk 1:31:47]} b6 {[%clk 1:30:33]}
4.g3 {[%clk 1:32:05]} Ba6 {[%clk 1:29:46]} 5.b3 {[%clk 1:32:20]}
b5 {[%clk 1:28:55]} 6.cxb5 {[%clk 1:25:45]} Bxb5 {[%clk 1:29:18]}
7.Bg2 {[%clk 1:26:07]} d5 {[%clk 1:26:34]} 8.O-O {[%clk 1:26:13]}
Nbd7 {[%clk 1:24:19]} 9.Nc3 {[%clk 1:23:38]} Ba6 {[%clk 1:22:53]}
10.Re1 {[%clk 1:22:53]} Bd6 {[%clk 1:13:20]} 11.a3 {[%clk 1:13:12]}
O-O {[%clk 1:01:13]} 12.e4 {[%clk 0:58:43]} Nxe4 {[%clk 0:56:04]}
13.Nxe4 {[%clk 0:59:06]} dxe4 {[%clk 0:56:30]} 14.Ng5 {[%clk 0:58:57]}
Nf6 {[%clk 0:56:30]} 15.Nxe4 {[%clk 0:58:51]} Nxe4 {[%clk 0:54:40]}
16.Bxe4 {[%clk 0:59:08]} Rb8 {[%clk 0:54:47]} 17.d5 {[%clk 0:54:53]}
exd5 {[%clk 0:42:01]} 18.Bxd5 {[%clk 0:54:45]} Bb7 {[%clk 0:38:36]}
19.Bxb7 {[%clk 0:42:48]} Rxb7 {[%clk 0:38:54]} 20.Be3 {[%clk 0:39:41]}
Qb8 {[%clk 0:30:52]} 21.b4 {[%clk 0:38:42]} Rb5 {[%clk 0:30:51]}
22.Qa4 {[%clk 0:33:59]} Rb7 {[%clk 0:20:42]} 23.Rac1 {[%clk 0:31:44]}
h6 {[%clk 0:19:34]} 24.Rc6 {[%clk 0:29:21]} Qe8 {[%clk 0:10:52]}
25.Ra6 {[%clk 0:26:19]} Qe4 {[%clk 0:07:22]} 26.Rc1 {[%clk 0:24:12]}
Qd3 {[%clk 0:03:13]} 27.Qc6 {[%clk 0:21:27]} Rb5 {[%clk 0:01:47]}
28.Qc4 {[%clk 0:10:44]} Rd5 {[%clk 0:01:08]} 29.Qxd3 {[%clk 0:10:34]}
Rxd3 {[%clk 0:01:36]} 30.Rxa7 {[%clk 0:10:34]} Re8 {[%clk 0:00:54]}
31.Rc4 {[%clk 0:07:29]} Rb3 {[%clk 0:00:52]} 32.a4 {[%clk 0:05:57]}
Rxb4 {[%clk 0:00:46]} 33.Rxb4 {[%clk 0:06:17]} Bxb4 {[%clk 0:01:13]}
34.Rxc7 {[%clk 0:06:26]} Rd8 {[%clk 0:00:55]} 35.Rb7 {[%clk 0:03:30]}
Rd1+ {[%clk 0:01:01]} 36.Kg2 {[%clk 0:03:55]} Be1 {[%clk 0:00:42]}
37.Ra7 {[%clk 0:02:11]} Ra1 {[%clk 0:00:43]} 38.Bb6 {[%clk 0:02:32]}
Kf8 {[%clk 0:00:40]} 39.a5 {[%clk 0:02:37]} Ke8 {[%clk 0:00:50]}
40.g4 {[%clk 0:31:41]} Ra2 {[%clk 0:30:51]} 41.a6 {[%clk 0:26:54]}
Ba5 {[%clk 0:30:32]} 42.Be3 {[%clk 0:23:29]} Bd8 {[%clk 0:30:00]}
43.Ra8 {[%clk 0:22:36]} Kd7 {[%clk 0:30:19]} 44.a7 {[%clk 0:22:34]} 1-0

[Event "Russian Women's Higher League 2021"]
[Site "?"]
[Date "2021.06.29"]
[Round "4.12"]
[White "Tomilova, Elena"]
[Black "Mironenko, Galina"]
[Result "0-1"]
[WhiteElo "2353"]
[BlackElo "1952"]
[Annotator ""]
[Source ""]
[Remark ""]

1.c4 {[%clk 1:30:57]} e5 {[%clk 1:24:01]} 2.g3 {[%clk 1:31:21]}
Nf6 {[%clk 1:24:21]} 3.Bg2 {[%clk 1:31:45]} c6 {[%clk 1:24:47]}
4.Nf3 {[%clk 1:31:10]} e4 {[%clk 1:25:02]} 5.Nd4 {[%clk 1:31:35]}
Qb6 {[%clk 1:25:16]} 6.Nc2 {[%clk 1:28:31]} d5 {[%clk 1:24:39]}
7.cxd5 {[%clk 1:27:43]} Nxd5 {[%clk 1:19:49]} 8.O-O {[%clk 1:27:02]}
Bf5 {[%clk 1:16:30]} 9.d3 {[%clk 1:18:26]} exd3 {[%clk 1:03:05]}
10.exd3 {[%clk 1:18:51]} Be7 {[%clk 1:02:08]} 11.Re1 {[%clk 1:17:56]}
Be6 {[%clk 0:55:06]} 12.Nc3 {[%clk 1:13:16]} O-O {[%clk 0:50:56]}
13.Nxd5 {[%clk 1:06:39]} cxd5 {[%clk 0:51:18]} 14.Ne3 {[%clk 0:59:16]}
Bb4 {[%clk 0:44:54]} 15.Re2 {[%clk 0:53:16]} Rd8 {[%clk 0:41:18]}
16.a3 {[%clk 0:42:48]} Bf8 {[%clk 0:41:01]} 17.b4 {[%clk 0:32:56]}
Nc6 {[%clk 0:40:19]} 18.Bb2 {[%clk 0:33:00]} a5 {[%clk 0:38:22]}
19.b5 {[%clk 0:27:24]} Qxb5 {[%clk 0:35:12]} 20.Rb1 {[%clk 0:27:31]}
Qa6 {[%clk 0:30:39]} 21.Rc2 {[%clk 0:25:19]} d4 {[%clk 0:25:10]}
22.Nc4 {[%clk 0:23:06]} Bd5 {[%clk 0:21:26]} 23.Bxd5 {[%clk 0:15:14]}
Rxd5 {[%clk 0:21:50]} 24.Qf3 {[%clk 0:15:24]} Rad8 {[%clk 0:20:45]}
25.a4 {[%clk 0:15:19]} Nb4 {[%clk 0:19:50]} 26.Re2 {[%clk 0:14:41]}
b5 {[%clk 0:17:00]} 27.axb5 {[%clk 0:13:15]} Rxb5 {[%clk 0:17:04]}
28.Ba3 {[%clk 0:08:55]} Nxd3 {[%clk 0:11:32]} 29.Rd1 {[%clk 0:04:56]}
Nc5 {[%clk 0:08:17]} 30.Bxc5 {[%clk 0:02:55]} Rxc5 {[%clk 0:08:12]}
31.Ne5 {[%clk 0:03:16]} Qf6 {[%clk 0:05:23]} 32.Qe4 {[%clk 0:03:30]}
Rcd5 {[%clk 0:04:13]} 33.Rd3 {[%clk 0:03:10]} a4 {[%clk 0:03:37]}
34.f4 {[%clk 0:01:55]} a3 {[%clk 0:03:14]} 35.Nc4 {[%clk 0:02:14]}
Qa6 {[%clk 0:02:39]} 36.Nxa3 {[%clk 0:01:17]} Bxa3 {[%clk 0:02:32]}
37.Ra2 {[%clk 0:01:20]} Ra5 {[%clk 0:02:42]} 38.Raxa3 {[%clk 0:00:40]}
Rxa3 {[%clk 0:02:59]} 39.Qe7 {[%clk 0:00:58]} Ra1+ {[%clk 0:03:14]}
40.Kg2 {[%clk 0:31:20]} Qa2+ {[%clk 0:33:00]} 0-1